LEADER 01663nam a2200301 4500 001 000000358652 003 CaOOAMICUS 005 20251105124141.0 008 240613s2024 it 000 u ita r 020 $a978-88-301-1847-8 040 $aSeMil$bita 100 1 $aTolkien, J. R. R.,$d<1892-1973>.$0(OLS)http://semarc/name/116565 240 14$aThe return of the shadow :$bthe history of The Lord of the rings.$0(OLS)http://semarc/title/449041 245 10$a6: Il ritorno dell'ombra :$bla storia del Signore degli anelli, parte prima /$cJohn Ronald Reuel Tolkien ; traduzione di Stefano Giorgianni e Edoardo Rialti ; edizione italiana a cura dell'Associazione italiana studi tolkieniani. 264 1$aFirenze ; Milano :$bGiunti : Bompiani,$c2024. 300 $a601 p. ;$c21 cm 700 1 $aGiorgianni, Stefano.$0(OLS)http://semarc/name/117576 700 1 $aRialti, Edoardo,$d<1982- >.$0(OLS)http://semarc/name/75935 710 2 $aAssociazione italiana studi tolkieniani .$0(OLS)http://semarc/name/116884 773 0 $aTolkien, J. R. R. <1892-1973>$tStoria della Terra di Mezzo.$dFirenze ; Milano : Giunti : Bompiani, 2022-$g6$w()352419 850 $aSeMil 852 $aSeMil$W1$xVenegono$y1$m1U IV 82$j248977$B249748$CSeMilBibl$Z2$F249748 $81 900 1 $aTolkien, John Ronald Reuel. 996 $6020$a978-88-301-1847-8$9(OLS)http://semarc/number/300559 996 $6245$a6: Il ritorno dell'ombra :$bla storia del Signore degli anelli, parte prima$9(OLS)http://semarc/title/449042 996 $6264$aFirenze ; Milano :$bGiunti : Bompiani$9(OLS)http://semarc/publisher/58236 LEADER 01018nam a2200253 i 4500 001 000000170380 003 CaOOAMICUS 005 20080321000000.0 008 080321s1992 it u000 u ita u 013 $a147791 020 $a88-7094-111-6 040 $aSeMil$bita 100 1 $aMondin, Battista,$c.$0(OLS)http://semarc/name/767 245 10$aDizionario dei teologi /$cBattista Mondin. 260 $aBologna :$bEdizioni Studio Domenicano,$ccopyr. 1992. 300 $a694 p. ;$c25 cm. 490 0 $aIn Unum ;$v3 650 4$aTeologia - Enciclopedie e dizionari.$0(OLS)http://semarc/subject/337 830 0$aIn unum ;$v3.$0(OLS)http://semarc/title/12685 850 $aSeMil 852 $aSeMil$W1$xVenegono$y1$mSL1.P IV 29$j224299$B121270$CSeMilBibl$Z2$F132662 $8I 996 $6020$a88-7094-111-6$9(OLS)http://semarc/number/157336 996 $6245$aDizionario dei teologi$9(OLS)http://semarc/title/243686 996 $6260$aBologna :$bEdizioni Studio Domenicano$9(OLS)http://semarc/publisher/29910